حقيقة السلام / (Record no. 13946)

MARC details
000 -LEADER
fixed length control field 00904nam a22001937a 4500
008 - FIXED-LENGTH DATA ELEMENTS--GENERAL INFORMATION
fixed length control field 100427t xxu||||| |||| 00| 0 eng d
082 ## - DEWEY DECIMAL CLASSIFICATION NUMBER
Item number ا ب و
Edition number 22
Classification number 320.5
100 ## - MAIN ENTRY--PERSONAL NAME
9 (RLIN) 13716
Personal name ابو بكر، يحي
245 ## - TITLE STATEMENT
Title حقيقة السلام /
Statement of responsibility, etc يحي أبو بكر ، كمال متولي.
260 ## - PUBLICATION, DISTRIBUTION, ETC. (IMPRINT)
Place of publication, distribution, etc [القاهرة] :
Name of publisher, distributor, etc مكتبة الأنجلو المصرية ،
Date of publication, distribution, etc [د ت] .
300 ## - PHYSICAL DESCRIPTION
Extent 551 ص :
Dimensions خرائط .
504 ## - BIBLIOGRAPHY, ETC. NOTE
Bibliography, etc يحتوي علي فهارس وارجاعات ببليوجرافية .
650 ## - SUBJECT ADDED ENTRY--TOPICAL TERM
9 (RLIN) 26788
Topical term or geographic name as entry element النظم الاقتصادية
650 ## - SUBJECT ADDED ENTRY--TOPICAL TERM
9 (RLIN) 17079
Topical term or geographic name as entry element المذاهب السياسية
650 ## - SUBJECT ADDED ENTRY--TOPICAL TERM
9 (RLIN) 17079
Topical term or geographic name as entry element المذاهب السياسية
700 ## - ADDED ENTRY--PERSONAL NAME
9 (RLIN) 13717
Personal name متولي، كمال
942 ## - ADDED ENTRY ELEMENTS (KOHA)
Source of classification or shelving scheme Dewey Decimal Classification
Item type Book - Borrowing
Holdings
Withdrawn status Item status Source of classification or shelving scheme Damaged status Not for loan Vendor Home library Current library Shelving location Date acquired Source of acquisition Total Checkouts Full call number Barcode Date last seen Koha item type
    Dewey Decimal Classification     Alef-Baa Central Library Central Library First floor 27/04/2010     320.5 ا ب و 000020698 15/07/2025 Book - Borrowing